000 00666nam a2200169 4500
999 _c15928
_d15928
008 210118b ||||| |||| 00| 0 eng d
022 _a0732-8435
082 _aDPer 657.05 C33 Sept - Mar 2015, v. 85 - 86
100 _aCalderon, Thomas G.
_942739
245 _aAudit deficiencies related to internal control:
_ban analysis of PCAOB inspection reports/
_cThomas G. Calderon and Hakjoon Song and Li Wang.
260 _aNew York:
_bThe New York State Society of CPA,
_c©2015.
300 _av86 n2, pages 32-40:
_billustrations;
_c28 cm.
650 _aAuditing.
_942740
700 _aSong, H.
_eAuthor.
_942741
700 _aWang, L.
_eAuthor.
_942742
942 _cPER
_2ddc